Statistiken für Bahnhöfe Hamburg

Klicken Sie hier um das Quiz zu spielen!

Allgemein

  • Dieses Quiz wurde 287 mal gespielt
  • Das Durchschnittsergebnis liegt bei 162 aus 287

Antwortstatistiken

LinieStation% Korrekt
S1 | S11 | S2 | +3 othersHauptbahnhof
98%
S1 | S11 | S2 | +2 othersAltona
94%
S1 | S2 | S3 | U3Landungsbrücken
89%
S1 | S2 | S3 | +3 othersJungfernstieg
88%
S1 | S11 | S2 | +4 othersBerliner Tor
85%
S11 | S2 | S21 | +2 othersSternschanze
85%
S3 | S31Harburg
85%
U3St. Pauli
84%
S11 | S2 | S21 | S31Dammtor
84%
S1 | S11 | U3Barmbek
81%
U3Rathaus
79%
S1 | S2 | S3Reeperbahn
79%
S1 | S11 | U1Ohlsdorf
77%
S1 | S11Blankenese
76%
U1 | U3Hauptbahnhof Süd
76%
U2 | U3Schlump
76%
S1 | S11Poppenbüttel
76%
S3Pinneberg
74%
U2 | U4Hauptbahnhof Nord
74%
S1Wedel
74%
S3Stade
73%
S2 | S21Bergedorf
72%
S3 | S31Wilhelmsburg
72%
U1 | U3Kellinghusenstraße
71%
S3 | S31Veddel
71%
U3Mönckebergstraße
70%
S21 | S3Stellingen
70%
S3 | S31Harburg Rathaus
69%
U2Hagenbecks Tierpark
69%
U2 | U4Billstedt
68%
U3Baumwall
68%
A1 | S21 | S3Eidelstedt
68%
U2Gänsemarkt
66%
U1Stephansplatz
66%
U3Feldstraße
65%
S1 | S2 | S3Stadthausbrücke
65%
S11 | S21 | S31Holstenstraße
65%
A2 | U1Norderstedt Mitte
65%
U1Fuhlsbüttel
65%
U1 | U3Wandsbek Gartenstadt
65%
U1Alsterdorf
65%
U2Mümmelmannsberg
64%
S1 | S2 | S3Königstraße
64%
U4HafenCity Universität
64%
S3Buxtehude
64%
S3 | S31Neugraben
64%
S3 | S31Hammerbrook
64%
S21 | S3Diebsteich
64%
U3Eppendorfer Baum
63%
U1Wandsbek Markt
63%
U3Mundsburg
63%
U1 | U3Lübecker Straße
63%
U2Niendorf Nord
63%
U3Rödingsmarkt
62%
S1 | S11Bahrenfeld
61%
S21Aumühle
61%
S1Hamburg Airport
61%
S21 | S3Elbgaustraße
61%
S1Rissen
60%
S1 | U1Wandsbeker Chaussee
60%
S1 | S11Klein Flottbek
59%
U3Hoheluftbrücke
59%
U1Steinstraße
59%
S1 | S11Alte Wöhr
59%
U2Messehallen
59%
S1 | S11Hasselbrook
59%
U2Niendorf Markt
58%
U2Osterstraße
58%
S2 | S21Rothenburgsort
58%
U2Christuskirche
58%
S1 | S11Othmarschen
58%
S11Wandsbeker Chaussee
58%
U1Hallerstraße
58%
S2 | S21Allermöhe
57%
U1Großhansdorf
57%
U3Saarlandstraße
57%
S1 | S11Landwehr
57%
U1Farmsen
57%
U1Lattenkamp
57%
U3Hamburger Straße
56%
U1Klosterstern
56%
U2 | U4Horner Rennbahn
55%
U1Ritterstraße
55%
S1 | S11Wellingsbüttel
55%
U1Ohlstedt
54%
A1 | A2Kaltenkirchen
54%
U1Meßberg
54%
U3Borgweg
52%
U4Überseequartier
52%
U1Ochsenzoll
51%
S21 | S3Langenfelde
51%
S3Fischbek
51%
U1Volksdorf
50%
S1 | S11Friedrichsberg
50%
S1Iserbrook
49%
U1Langenhorn Markt
49%
U1Lohmühlenstraße
49%
U2Emilienstraße
49%
S1 | S11Rübenkamp
49%
U1Berne
49%
A1Quickborn
49%
S3 | S31Heimfeld
48%
U1Garstedt
48%
U1Ahrensburg Ost
48%
U1Sengelmannstraße
48%
U1Ahrensburg West
48%
U3Sierichstraße
47%
U2 | U4Rauhes Haus
47%
U1Klein Borstel
47%
U2Lutterothstraße
47%
S3 | S31Neuwiedenthal
47%
U1Fuhlsbüttel Nord
46%
S2 | S21Tiefstack
46%
U1Langenhorn Nord
46%
U1Hudtwalckerstraße
46%
U2 | U4Hammer Kirche
46%
S1Sülldorf
46%
U3Uhlandstraße
46%
A3Elmshorn
45%
S2 | S21Billwerder-Moorfleet
45%
S3Neu Wulmstorf
45%
S3Halstenbek
45%
S3Krupunder
45%
U2 | U4Burgstraße
44%
U1Wartenau
44%
U3Habichtstraße
44%
S21Reinbek
43%
A1 | A2 | A3Henstedt-Ulzburg
43%
U3Dehnhaide
43%
U2Hagendeel
43%
S2 | S21Nettelnburg
43%
U1Trabrennbahn
43%
U1Alter Teichweg
42%
S3Agathenburg
42%
U2 | U4Legienstraße
42%
S1 | S11Hochkamp
41%
U1Straßburger Straße
41%
S2 | S21Mittlerer Landweg
40%
S1 | S11Hoheneichen
39%
A1Schnelsen
38%
S3Horneburg
37%
A1 | A2 | A3Ulzburg Süd
37%
S3Dollern
37%
U2Joachim-Mähl-Straße
37%
A1Dodenhof
36%
A1Eidelstedt Zentrum
36%
U2Steinfurther Allee
35%
A1Bad Bramstedt
35%
S1 | S11Kornweg
35%
U1Kiwittsmoor
35%
S21Wohltorf
35%
A1Quickborn Süd
35%
A1 | A2Kaltenkirchen Süd
34%
U1Richtweg
34%
S3Neukloster
34%
U2Schippelsweg
33%
S3Thesdorf
33%
A3Barmstedt
32%
U1Meiendorfer Weg
32%
U1Buckhorn
32%
U1Kiekut
31%
A1Holstentherme
31%
U2Merkenstraße
30%
A1Burgwedel
28%
A1Bönningstedt
26%
A1Bad Bramstedt Kurhaus
26%
A2Quickborner Straße
25%
U1Hoisbüttel
25%
A1Hasloh
25%
A1Ellerau
24%
A3Barmstedt Brunnenstraße
23%
U1Buchenkamp
22%
U1Schmalenbeck
22%
A2Moorbekhalle
22%
A1Tanneneck
21%
A1Hörgensweg
21%
A2Friedrichsgabe
20%
A3Alveslohe
18%
A1Großenaspe
17%
A1Nützen
16%
A2Meeschensee
16%
A3Langeln
16%
A1Boostedt
15%
A3Bokholt
15%
A3Voßloch
15%
A2Haslohfurth
15%
A3Langenmoor
14%
A1Lentföhrden
14%
A3Sparrieshoop
12%
A1Wiemersdorf
12%

Verteilung der Resultate

Perzentil nach korrekt beantworteten Fragen

Anzahl Personen mit jedem Resultat

Ihre Resultats-Entwicklung

Sie haben dieses Quiz noch nicht gespielt